Big Brother Slogans Quiz Stats

Quiz Updated Jan 15, 2017

Challenge
Share
Tweet
Embed
Score 0/9 Timer 01:00
0 Plays Today
INGSOC % Correct
IS
98.5%
IS
98.5%
IS
98.5%
WAR
86.9%
PEACE
85.5%
FREEDOM
70.8%
SLAVERY
66.6%
IGNORANCE
61.7%
STRENGTH
51.4%

You're not logged in!

Compare scores with friends on all Sporcle quizzes.
Sign Up with Email
OR
Log In

You Might Also Like...

Show Comments

Extras

Top Quizzes Today


Score Distribution

Your Account Isn't Verified!

In order to create a playlist on Sporcle, you need to verify the email address you used during registration. Go to your Sporcle Settings to finish the process.